000 00550nam a2200193Ia 4500
003 GCL
008 140319s9999 xx 000 0 eng d
040 _aGCL /
_cGCL
082 0 4 _a306
_bS E
100 1 _aSPERBER, DAN
245 1 0 _aEXPLAINING CULTURE: A NATURALISITIC APPROACH /
_cSPERBER, DAN
260 _a[S.N] :
_bBLACKWELL PUBLISHERS ،
_c1996
300 _a175 P
650 0 4 _aCOGNITIVE PSYCHOLOGY
650 0 4 _aالنثر العربى - صدر الاسلام
650 0 4 _aCULTURE
650 0 4 _aCOGNITION AND CULTURE
942 _2ddc
_cBK
999 _c15973
_d15973